LEADER 02020nam 2200409 n 450 001 996390612503316 005 20200824120441.0 035 $a(CKB)4940000000098780 035 $a(EEBO)2240909067 035 $a(UnM)99825778e 035 $a(UnM)99825778 035 $a(EXLCZ)994940000000098780 100 $a19941109d1699 uy | 101 0 $aeng 135 $aurbn||||a|bb| 200 10$aAstrological and theological observations and predictions for the year of our Lord 1700$b[electronic resource] $eWherein are briefly shewn as well the judgements and opinions of several wise men concerning this present year and other years as his own judgment with the signification of the eclipses of this present year. With monthly observations for every month of this present year briefly containing the most remarkable events that are likely to happen in England and other places, and the most likely days for rain and change of vveather and other things worthy of observation. The lofy heavenes by their whirling motion ... behold the day star in their hearts to rise. Psal. 19.1 ... 2 Pet. 1.19. By John Silvester student in astrology 210 $aBristol $cprinted for the author and are sold by W. Bonny near the Tolsey$d[1699] 215 $a20 p 300 $aPublication date from Wing. 300 $aRunning title reads: Astrological observations, for the year 1700. 300 $aReproduction of the original in the British Library. 330 $aeebo-0018 606 $aAstrology$vEarly works to 1800 606 $aEphemerides$vEarly works to 1800 606 $aProphecies$vEarly works to 1800 615 0$aAstrology 615 0$aEphemerides 615 0$aProphecies 700 $aSilvester$b John$f17th cent.$01013014 801 0$bCu-RivES 801 1$bCu-RivES 801 2$bCStRLIN 801 2$bWaOLN 906 $aBOOK 912 $a996390612503316 996 $aAstrological and theological observations and predictions for the year of our Lord 1700$92354173 997 $aUNISA